000
00255nam a2200109Ia 4500
005
20251222154426.0
008
251222s9999||||xx |||||||||||||| ||spa||
082
_a
520.92/D87
100
_a
"Dole, Stephen H."
245
0
_a
Planetas habitables
942
_c
LIB
999
_c
36243
_d
36243